[Event "IECC CL3-2001.30"]
[Site "IECC email"]
[Date "2001.09.16"]
[Round "?"]
[White "Krysiak, Tomasz"]
[Black "Lokshin, Dmitriy"]
[Result "1-0"]
[WhiteElo "1925"]
[BlackElo "1932"]
[PlyCount "137"]
[EventDate "2001.??.??"]
[EventType "tourn (corr)"]
[EventRounds "4"]
[SourceTitle "Corr 2008"]
[Source "ChessBase"]
[SourceDate "2008.06.24"]
[SourceVersion "1"]
[SourceVersionDate "2008.06.24"]
[SourceQuality "1"]

1. d4 d5 2. c4 e6 3. Nc3 Bb4 4. e3 Nf6 5. a3 Bxc3+ 6. bxc3 0-0 7. cxd5 exd5 8. Bd3 c5 9. Ne2 Nc6 10. 0-0 Bd7 11. dxc5 Qe7 12. a4 Rfe8 13. Ba3 Bg4 14. h3 Bxe2 15. Qxe2 Ne4 16. c4 dxc4 17. Bxc4 Rad8 18. Bd3 h6 19. Qc2 Rd5 20. Rac1 a5 21. Rcd1 Nf6 22. Bh7+ Kh8 23. Rxd5 Nxd5 24. Bb2 Ncb4 25. Qb1 Qxc5 26. Rc1 Qe7 27. Bf5 Rd8 28. Rc4 Nc6 29. Bg4 f6 30. Bf3 Ndb4 31. Qg6 Qe8 32. Qxe8+ Rxe8 33. Bc3 Kg8 34. Rc5 Re7 35. Bxb4 axb4 36. a5 Kf8 37. a6 b3 38. Rc3 b2 39. Rb3 Na5 40. a7 Re8 41. Rxb2 Ra8 42. Bxb7 Rxa7 43. Bd5 Ke7 44. Rb6 Rc7 45. f4 Rc5 46. e4 f5 47. Re6+ Kf8 48. g4 fxe4 49. Bxe4 Kf7 50. Ra6 Nc4 51. Kf2 Ke7 52. Ra7+ Kf8 53. h4 Nd6 54. Bg6 Rc4 55. Kf3 Rc3+ 56. Ke2 Rc4 57. Rd7 Rd4 58. Ke3 Rd1 59. Kf3 Rd2 60. h5 Nc4 61. Rf7+ Kg8 62. Rc7 Nd6 63. Ra7 Kf8 64. g5 hxg5 65. fxg5 Nc4 66. Ra8+ Ke7 67. Rg8 Rd8 68. Rxg7+ Kf8 69. h6 1-0

[Event "IECC CL3-2001.18"]
[Site "IECC email"]
[Date "2001.05.12"]
[Round "?"]
[White "Lokshin, Dmitriy"]
[Black "Przybyla, Kamil"]
[Result "1-0"]
[WhiteElo "1896"]
[BlackElo "1781"]
[PlyCount "69"]
[EventDate "2001.??.??"]
[EventType "tourn (corr)"]
[EventRounds "4"]
[SourceTitle "Corr 2008"]
[Source "ChessBase"]
[SourceDate "2008.06.24"]
[SourceVersion "1"]
[SourceVersionDate "2008.06.24"]
[SourceQuality "1"]

1. c4 e5 2. Nc3 Nc6 3. g3 f5 4. d3 Nf6 5. Bg2 Bc5 6. Nf3 d6 7. 0-0 0-0 8. Bg5 h6 9. Bxf6 Qxf6 10. e3 Be6 11. Nd5 Bxd5 12. cxd5 Ne7 13. Rc1 e4 14. dxe4 fxe4 15. Nd2 Qxb2 16. Nxe4 Bb6 17. Qa4 Rf7 18. Rb1 Qe5 19. Rfd1 Raf8 20. Qb3 Qh5 21. h3 Ng6 22. f4 Re7 23. Kh2 Qf5 24. Qd3 a5 25. Nxd6 Qxd3 26. Rxd3 Rxe3 27. Rxe3 Bxe3 28. Nc4 Bc5 29. Rxb7 Bd6 30. Be4 Nh8 31. Ra7 Rb8 32. Rxa5 Nf7 33. Bg6 Bb4 34. Bxf7+ Kxf7 35. Ra7 1-0

[Event "IECC O email"]
[Site "IECC email"]
[Date "2001.01.15"]
[Round "?"]
[White "Lokshin, Dmitriy"]
[Black "Bass, Stanley"]
[Result "0-1"]
[WhiteElo "1898"]
[BlackElo "1965"]
[PlyCount "68"]
[EventDate "2001.??.??"]
[EventType "tourn (corr)"]
[EventRounds "6"]
[SourceTitle "Corr 2008"]
[Source "ChessBase"]
[SourceDate "2008.06.24"]
[SourceVersion "1"]
[SourceVersionDate "2008.06.24"]
[SourceQuality "1"]

1. d4 Nf6 2. c4 e6 3. Nc3 Bb4 4. a3 Bxc3+ 5. bxc3 Ne4 6. g3 c5 7. f3 Nxc3 8. Qd3 Na4 9. e3 d6 10. Ne2 0-0 11. Nf4 cxd4 12. exd4 e5 13. Nd5 Nc6 14. dxe5 Nxe5 15. Qb3 Nc5 16. Qc3 Re8 17. Kf2 Be6 18. Bf4 Bxd5 19. cxd5 Qc8 20. Kg2 a6 21. Rd1 Qf5 22. h4 Rac8 23. Bxe5 Rxe5 24. g4 Qf4 25. Rh3 Rce8 26. Rd4 Qe3 27. f4 Qxc3 28. Rxc3 Re3 29. Rdc4 b5 30. Rxc5 dxc5 31. Rxc5 Rxa3 32. d6 Rd8 33. Rc6 b4 34. Kf2 a5 0-1